粮食保管 (Record no. 237)

MARC details
000 -LEADER
fixed length control field 01310cam a2200433 4500
001 - CONTROL NUMBER
control field 176951
003 - CONTROL NUMBER IDENTIFIER
control field ItRFAO
008 - FIXED-LENGTH DATA ELEMENTS--GENERAL INFORMATION
fixed length control field 930101t1975 xxu||||| ||| 00| 0 d
040 ## - CATALOGING SOURCE
Original cataloging agency ItRFAO
Modifying agency ItRFAO
041 0# - LANGUAGE CODE
Language code of text/sound track or separate title chi
084 ## - OTHER CLASSIFICATION NUMBER
Classification number 631.5 F736
-- 116352
110 ## - MAIN ENTRY--CORPORATE NAME
Corporate name or jurisdiction name as entry element Food Storage and Transport Corp., Shanghai (China)
Language of a work eng
9 (RLIN) 1135
242 00 - TRANSLATION OF TITLE BY CATALOGING AGENCY
Title Food storage - (Edited by School of Food Science)
245 00 - TITLE STATEMENT
Title 粮食保管
260 ## - PUBLICATION, DISTRIBUTION, ETC.
Place of publication, distribution, etc. Shanghai (China)
Name of publisher, distributor, etc. Peoples' Pub. House
Date of publication, distribution, etc. 1975
300 ## - PHYSICAL DESCRIPTION
Extent 313 p.
336 ## - CONTENT TYPE
Source ItRFAO
338 ## - CARRIER TYPE
Source ItRFAO
Carrier type term Books
546 ## - LANGUAGE NOTE
Language note Chinese
520 ## - SUMMARY, ETC.
Summary, etc. Diagrs., illus., tables
650 17 - SUBJECT ADDED ENTRY--TOPICAL TERM
Source of heading or term agrovoc
Topical term or geographic name entry element PEST CONTROL
9 (RLIN) 1136
650 17 - SUBJECT ADDED ENTRY--TOPICAL TERM
Source of heading or term agrovoc
Topical term or geographic name entry element PEST INSECTS
9 (RLIN) 1137
650 17 - SUBJECT ADDED ENTRY--TOPICAL TERM
Source of heading or term agrovoc
Topical term or geographic name entry element RODENTS
9 (RLIN) 1138
650 17 - SUBJECT ADDED ENTRY--TOPICAL TERM
Source of heading or term agrovoc
Topical term or geographic name entry element STORAGE
9 (RLIN) 1139
650 17 - SUBJECT ADDED ENTRY--TOPICAL TERM
Source of heading or term agrovocf
Topical term or geographic name entry element LUTTE ANTIRAVAGEUR
9 (RLIN) 1140
650 17 - SUBJECT ADDED ENTRY--TOPICAL TERM
Source of heading or term agrovocf
Topical term or geographic name entry element INSECTE NUISIBLE
9 (RLIN) 1141
650 17 - SUBJECT ADDED ENTRY--TOPICAL TERM
Source of heading or term agrovocf
Topical term or geographic name entry element RONGEUR
9 (RLIN) 1142
650 17 - SUBJECT ADDED ENTRY--TOPICAL TERM
Source of heading or term agrovocf
Topical term or geographic name entry element STOCKAGE
9 (RLIN) 1143
650 17 - SUBJECT ADDED ENTRY--TOPICAL TERM
Source of heading or term agrovocs
Topical term or geographic name entry element CONTROL DE PLAGAS
9 (RLIN) 1144
650 17 - SUBJECT ADDED ENTRY--TOPICAL TERM
Source of heading or term agrovocs
Topical term or geographic name entry element INSECTOS DANINOS
9 (RLIN) 1145
650 17 - SUBJECT ADDED ENTRY--TOPICAL TERM
Source of heading or term agrovocs
Topical term or geographic name entry element ROEDORES
9 (RLIN) 1146
650 17 - SUBJECT ADDED ENTRY--TOPICAL TERM
Source of heading or term agrovocs
Topical term or geographic name entry element ALMACENAMIENTO
9 (RLIN) 1147
651 #7 - SUBJECT ADDED ENTRY--GEOGRAPHIC NAME
Source of heading or term agrovoc
Geographic name CHINA
651 #7 - SUBJECT ADDED ENTRY--GEOGRAPHIC NAME
Source of heading or term agrovocf
Geographic name CHINE
651 #7 - SUBJECT ADDED ENTRY--GEOGRAPHIC NAME
Source of heading or term agrovocs
Geographic name CHINA
919 ## -
-- Library material
942 ## - ADDED ENTRY ELEMENTS (KOHA)
Suppress in OPAC No
Koha item type Mixed Materials
Holdings
Withdrawn status Lost status Damaged status Not for loan Collection Home library Current library Shelving location Date acquired Barcode Date last seen Price effective from Koha item type
        Reference Midway Midway General stacks 09/04/2014 39999000010251 09/04/2014 09/04/2014 Books